[Event "DVM U20 2014"]
[Site "Naumburg (Saale) GER"]
[Date "2014.12.27"]
[Round "1"]
[White "Gungl, Theo"]
[Black "Werthmann, Nils"]
[Result "1-0"]
[Termination "normal"]
[Board "8.3"]
[WhiteElo "2122"]
[BlackElo "1794"]
[WhiteTeam "USV TU Dresden"]
[BlackTeam "USV Potsdam"]
[PlyCount "101"]
[WhiteFideId "24695653"]
[BlackFideId "1270257"]
[EventCountry "GER"]
[EventRounds "7"]
[EventType "team-swiss"]
[EventDate "2014.12.26"]

1. e4  d5 2. exd5 Qxd5 3. Nc3 Qd6 4. d4 Nf6 5. Nf3 c6 6. Be2 Bf5 7. O-O e6 8.
Bg5 Be7 9. Qd2 Qc7 10. Ne5 Nbd7 11. Nc4 Nb6 12. Nxb6 Qxb6 13. Na4 Qb4 14. Qxb4
Bxb4 15. Bxf6 gxf6 16. c3 Bd6 17. Nc5 O-O-O 18. Nb3 Rhg8 19. Bf3 Kc7 20. Rfe1
h5 21. Nd2 h4 22. Nc4 Bf4 23. Ne3 Rg5 24. Nxf5 Rxf5 25. Re4 Rg8 26. h3 e5 27.
Rd1 Rfg5 28. Ree1 Rd8 29. dxe5 fxe5 30. Rxd8 Kxd8 31. Kf1 Kc7 32. Be2 f6 33.
Bc4 Rg7 34. Be6 Kd6 35. Bf5 a5 36. Rd1+ Kc5 37. b3 a4 38. bxa4 Kc4 39. a5 Kxc3
40. Rb1 Rc7 41. Ke2 Kd4 42. Rb4+ Kc5 43. Rb3 Kd4 44. Kf3 Kc5 45. Rb2 Kd6 46.
Ke2 Rg7 47. Bc8 e4 48. Bxb7 Kd5 49. a6 Bb8 50. Bxc6+ Kxc6 51. Rxb8 1-0

[Event "DVM U20 2014"]
[Site "Naumburg (Saale) GER"]
[Date "2014.12.27"]
[Round "1"]
[White "Ender, Paul Marius"]
[Black "Scholz, Robert"]
[Result "0-1"]
[Termination "normal"]
[Board "8.4"]
[WhiteElo "1555"]
[BlackElo "1980"]
[WhiteTeam "USV Potsdam"]
[BlackTeam "USV TU Dresden"]
[PlyCount "70"]
[WhiteFideId "12936545"]
[BlackFideId "1270301"]
[EventCountry "GER"]
[EventRounds "7"]
[EventType "team-swiss"]
[EventDate "2014.12.26"]

1. e4 c5 2. Nc3 Nc6 3. d3 g6 4. Be2 Bg7 5. f4 d6 6. Nf3 e6 7. O-O Nge7 8. Qe1
Nd4 9. Nxd4 cxd4 10. Nd1 O-O 11. g4 f5 12. exf5 gxf5 13. g5 Bd7 14. h4 Qb6 15.
Kh2 Rac8 16. c3 dxc3 17. Nxc3 Bc6 18. Bh5 e5 19. Rg1 Ng6 20. Bxg6 hxg6 21. Qe3
Qxe3 22. Bxe3 a6 23. Rac1 Rfe8 24. Rge1 d5 25. Bd2 d4 26. Nd1 e4 27. dxe4 fxe4
28. b3 e3 29. Bb4 Rcd8 30. Rc4 e2 31. Nf2 d3 32. Bd2 Kh7 33. Kh3 Rd7 34. Kh2
Bb5 35. Rc5 Rd4 0-1

[Event "DVM U20 2014"]
[Site "Naumburg (Saale) GER"]
[Date "2014.12.27"]
[Round "1"]
[White "Thamm, Merlin Jannes"]
[Black "Shevelko, Alexander"]
[Result "0-1"]
[Termination "normal"]
[Board "8.5"]
[WhiteElo "1697"]
[BlackElo "1643"]
[WhiteTeam "USV TU Dresden"]
[BlackTeam "USV Potsdam"]
[PlyCount "102"]
[WhiteFideId "24695564"]
[BlackFideId "12952125"]
[EventCountry "GER"]
[EventRounds "7"]
[EventType "team-swiss"]
[EventDate "2014.12.26"]

1. e4 c6 2. d4 d5 3. e5 Bf5 4. Be3 e6 5. Nd2 Nd7 6. Ngf3 f6 7. Be2 fxe5 8. Nxe5
Nxe5 9. dxe5 Ne7 10. c3 Qc7 11. f4 c5 12. O-O Nc6 13. Nb3 b6 14. Bh5+ g6 15.
Bf3 c4 16. Nc1 g5 17. fxg5 Nxe5 18. Qa4+ Kd8 19. Bxd5 exd5 20. Rxf5 Bc5 21. Bd4
Re8 22. Qd1 Qd7 23. Rf4 Ng6 24. Rf1 Qe6 25. b3 Qe4 26. Bxc5 bxc5 27. bxc4 Qxc4
28. Rb1 Qe4 29. Rb2 Nf4 30. Qf3 Qxf3 31. Rxf3 Re1+ 32. Kf2 Rxc1 33. Rxf4 Ke8
34. Rb7 Rd8 35. Rff7 Rb8 36. Rxh7 Rc2+ 37. Ke3 Rxc3+ 38. Kd2 Rxb7 39. Rxb7 Ra3
40. Rb2 c4 41. Rb5 d4 42. Rd5 Rxa2+ 43. Kc1 d3 44. Rd4 Rc2+ 45. Kd1 a5 46. g6
a4 47. Rf4 Rxg2 48. g7 Rxg7 49. Rxc4 Rg1+ 50. Kd2 a3 51. Ra4 a2 0-1

[Event "DVM U20 2014"]
[Site "Naumburg (Saale) GER"]
[Date "2014.12.27"]
[Round "1"]
[White "Glagau, Lars"]
[Black "Schamschurko, Victor"]
[Result "0-1"]
[Termination "normal"]
[Board "8.6"]
[WhiteElo "1441"]
[BlackElo "1758"]
[WhiteTeam "USV Potsdam"]
[BlackTeam "USV TU Dresden"]
[PlyCount "166"]
[WhiteFideId "16200390"]
[BlackFideId "24695637"]
[EventCountry "GER"]
[EventRounds "7"]
[EventType "team-swiss"]
[EventDate "2014.12.26"]

1. Nf3 Nf6 2. d4 g6 3. c4 Bg7 4. Nc3 d5 5. cxd5 Nxd5 6. e4 Nxc3 7. bxc3 c5 8.
Bb5+ Bd7 9. Bxd7+ Nxd7 10. Bf4 O-O 11. O-O Nf6 12. Re1 cxd4 13. cxd4 e6 14. h3
Rc8 15. Rb1 b6 16. Rb3 Rc4 17. Rd3 Nd7 18. Qb3 Rc8 19. Red1 Qe7 20. Bc1 Qd8 21.
Ba3 Re8 22. d5 e5 23. Nd2 Nc5 24. Bxc5 Rxc5 25. Nc4 b5 26. Ne3 Qd6 27. Qb4 Bf8
28. Rc3 Rec8 29. Rxc5 Rxc5 30. a3 Qb6 31. Qd2 Bd6 32. Ng4 Qd8 33. Rb1 a6 34.
Rb3 Rc4 35. Rf3 f5 36. exf5 e4 37. Rb3 g5 38. g3 h5 39. Ne3 Ra4 40. Qb2 Kf7 41.
Qc3 Qf6 42. Qc1 Qe7 43. Qc6 Qf6 44. Qd7+ Qe7 45. Qe6+ Qxe6 46. dxe6+ Kf8 47. f6
Rxa3 48. Rxa3 Bxa3 49. Nd5 Bd6 50. e7+ Kf7 51. Kf1 a5 52. Ke2 a4 53. Nc3 Be5
54. Nxb5 Bxf6 55. Kd2 Bxe7 56. Kc3 Bc5 57. Kc4 a3 58. Kb3 Kf6 59. Nc3 Ke5 60.
Nd1 Kd4 61. Ne3 Kd3 62. Nd1 Kd2 63. Nc3 Kd3 64. Nd1 Bd4 65. Kxa3 Kd2 66. Nb2
Bxb2+ 67. Kxb2 Ke2 68. Kc2 Kxf2 69. g4 h4 70. Kc3 e3 71. Kd4 e2 72. Ke5 e1=Q+
73. Kf5 Kg2 74. Kg6 Qe5 75. Kh5 Kxh3 76. Kg6 Kxg4 77. Kh7 Qd6 78. Kg7 Kf5 79.
Kh7 g4 80. Kg7 Qf6+ 81. Kg8 Qe7 82. Kh8 Kg6 83. Kg8 Qe8# 0-1